000 00590nab a2200157 4500
003 ES-SlBCS
005 20210528133516.0
008 170511s2017 sp ||||| |||| 00| 0 spa d
040 _aES-SlBCS
_bspa
041 _aspa
100 1 _aBuide del Real, Francisco Javier
_987940
245 1 0 _aRemoviendo Roma con Santiago: la crítica católica moderna al culto jacobeo
_cFrancisco Javier Buide del Real
600 1 0 _aZambrano, María
_d, 1904-1991
_xCrítica e interpretación
_9123203
773 0 _gVol. 62, núm. 3-4, 2017, págs. 305-356
_tCompostellanum
_wRev130
_x0573-2018
942 _2lcc
_cAR
999 _c868329
_d868329